The Guermantes Way (Record no. 533633)
[ view plain ]
| 000 -LEADER | |
|---|---|
| fixed length control field | 00245nam a22001217a 4500 |
| 020 ## - INTERNATIONAL STANDARD BOOK NUMBER | |
| International Standard Book Number | 1843796104 |
| 040 ## - CATALOGING SOURCE | |
| Transcribing agency | dlc |
| 082 ## - DEWEY DECIMAL CLASSIFICATION NUMBER | |
| Classification number | 843.912 |
| 100 ## - MAIN ENTRY--PERSONAL NAME | |
| Personal name | Marcel Proust |
| 9 (RLIN) | 27589 |
| 245 ## - TITLE STATEMENT | |
| Title | The Guermantes Way |
| 300 ## - PHYSICAL DESCRIPTION | |
| Extent | 621p |
| 942 ## - ADDED ENTRY ELEMENTS (KOHA) | |
| Source of classification or shelving scheme | |
| Koha item type | Book |
| Withdrawn status | Lost status | Source of classification or shelving scheme | Damaged status | Not for loan | Permanent Location | Current Location | Date acquired | Total Checkouts | Total Renewals | Full call number | Barcode | Date last seen | Date last checked out | Price effective from | Koha item type |
|---|---|---|---|---|---|---|---|---|---|---|---|---|---|---|---|
| School of Civil and Environmental Engineering (SCEE) | School of Civil and Environmental Engineering (SCEE) | 01/15/2020 | 1 | 1 | 843.912 | NIT-9230 | 01/24/2022 | 11/29/2021 | 01/15/2020 | Book |
